Recuerdos de la tierra
Saved in:
| Main Author: | |
|---|---|
| Format: | Book |
| Language: | Spanish |
| Published: |
Buenos Aires :
Solar,
1957
|
| Subjects: |
| LEADER | 00461nam#a2200181#a#4500 | ||
|---|---|---|---|
| 001 | 003669 | ||
| 005 | 20160721142908.0 | ||
| 008 | 961009s1957####ag##################spa#d | ||
| 040 | |a AR-beUNQ | ||
| 099 | |a 35-L12 | ||
| 100 | 1 | |a Leguizamón, Martiniano | |
| 245 | 0 | 2 | |a Recuerdos de la tierra |c Martiniano Leguizamón. |
| 260 | |a Buenos Aires : |b Solar, |c 1957 | ||
| 300 | |a 229 p | ||
| 650 | 7 | |a LITERATURA (ARTE) |2 Spines | |
| 929 | |j 19278 | ||
| 942 | |c LIB |n 0 | ||
| 999 | |c 6445 |d 81832 | ||